| 000 | 00402nam a2200157Ia 4500 | ||
|---|---|---|---|
| 008 | 230718s9999 xx 000 0 und d | ||
| 041 | _aeng | ||
| 082 |
_a303 _bSTA |
||
| 100 |
_aStauffer D. _9187188 |
||
| 245 | _aD2d How 20 Established Companies | ||
| 260 |
_c2001 _bCapstone |
||
| 300 | _a232 | ||
| 365 |
_cRs. _b1037.00 |
||
| 700 |
_aStauffer D. _9187188 |
||
| 906 |
_dB:64801-Jun-2001 _cOTH _b155.55 |
||
| 999 |
_c301833 _d301833 |
||